El día que naciste /

Guardado en:
Autor Principal: Harris, Robie H.
Otros Autores: Emberley, Michael Ilust.
Formato: Libro
Publicado: España : Serres, 1996
Materias:
Etiquetas: Agregar Etiqueta
Sin Etiquetas, Sea el primero en etiquetar este registro!
LEADER 00453nam a22001695a 4500
001 CEM.cems010528
005 20060214000000.0
008 130507s1996##################000#0#####d
003 CEMS
100 1 |a Harris, Robie H. 
245 1 0 |a El día que naciste / 
260 |a España :  |b Serres,  |c 1996 
300 |a 18 p. 
653 |a Nivel inicial-biblioteca 
700 1 |a Emberley, Michael Ilust. 
859 |a CEMS  |b BIB. CEMS - 11 de abril  |h JARDIN  |p 21069.00  |t Ej.1